00498 a2200157 450000100060000002000160000604000370002224000560005924500510011530000080016636200090017465000340018394200070021795200990022499900170032373912 a857666784-3 cAnchieta - Colégio São Paulo10aDicionário escolar Vox da Língua Espanholalpor10aDicionário escolar Vox da Língua Espanhola a8000 a2006 4aObras enciclopédicas gerais cBK 00104070a88.1b88.1d2023-11-22l0o030 D546p4289/CSPr2023-11-22 14:30:42w2023-11-22yBK c73912d73912